000 00523nam a2200205 i 4500
001 77901
003 ES-MaACL
005 20230906173434.0
007 t|
008 041115s1977 sp ||||1| spa d
017 _aB 28847-1977
020 _a84-7017-353-7
080 _a860-31"19"
100 1 _aMoncada, Alberto.
_982116
245 1 4 _aLos hijos del padre /
_cAlberto Moncada.
250 _a1ยช ed.
260 _aBarcelona :
_bArgos,
_c1977.
300 _a253 p. ;
_c20 cm.
852 _aES-MaACL
_jE-10372
_bR.130875
999 _c77901
_d77901